MyGZULibrary

Human Trafficking : (Record no. 10294)

MARC details
000 -LEADER
fixed length control field 04630cam a22004577i 4500
001 - CONTROL NUMBER
control field 20531740
003 - CONTROL NUMBER IDENTIFIER
control field HQ281.H8765 2018
005 - DATE AND TIME OF LATEST TRANSACTION
control field 20220112115909.0
008 - FIXED-LENGTH DATA ELEMENTS--GENERAL INFORMATION
fixed length control field 180607s2018 nyuab b 001 0 eng
010 ## - LIBRARY OF CONGRESS CONTROL NUMBER
LC control number 2018300189
020 ## - INTERNATIONAL STANDARD BOOK NUMBER
International Standard Book Number 9781138931015
020 ## - INTERNATIONAL STANDARD BOOK NUMBER
International Standard Book Number 1138931012
020 ## - INTERNATIONAL STANDARD BOOK NUMBER
International Standard Book Number 9781138931039
020 ## - INTERNATIONAL STANDARD BOOK NUMBER
International Standard Book Number 1138931039
020 ## - INTERNATIONAL STANDARD BOOK NUMBER
Canceled/invalid ISBN 9781315679990 (ebk)
035 ## - SYSTEM CONTROL NUMBER
System control number (OCoLC)on1005398479
040 ## - CATALOGING SOURCE
Original cataloging agency AU@
Language of cataloging eng
Transcribing agency AU@
Description conventions rda
Modifying agency YDX
-- MNG
-- CSJ
-- OCLCF
-- MEU
-- IGA
-- DLC
042 ## - AUTHENTICATION CODE
Authentication code lccopycat
050 00 - LIBRARY OF CONGRESS CALL NUMBER
Classification number HQ281
Item number .H8765 2018
082 04 - DEWEY DECIMAL CLASSIFICATION NUMBER
Classification number 364.15
Edition number 23
245 00 - TITLE STATEMENT
Title Human Trafficking :
Remainder of title Interdisciplinary Perspectives /
Statement of responsibility, etc. edited by Mary C. Burke.
250 ## - EDITION STATEMENT
Edition statement Second edition.
264 #1 - PRODUCTION, PUBLICATION, DISTRIBUTION, MANUFACTURE, AND COPYRIGHT NOTICE
Place of production, publication, distribution, manufacture New York :
Name of producer, publisher, distributor, manufacturer Routledge, Taylor & Francis Group,
Date of production, publication, distribution, manufacture, or copyright notice 2018.
264 #4 - PRODUCTION, PUBLICATION, DISTRIBUTION, MANUFACTURE, AND COPYRIGHT NOTICE
Date of production, publication, distribution, manufacture, or copyright notice ©2018
300 ## - PHYSICAL DESCRIPTION
Extent xi, 398 pages :
Other physical details illustrations, maps ;
Dimensions 24 cm.
490 0# - SERIES STATEMENT
Series statement Criminology and justice studies series
500 ## - GENERAL NOTE
General note Includes bibliographical references and index.
504 ## - BIBLIOGRAPHY, ETC. NOTE
Bibliography, etc. note Includes bibliographical references and index.
505 0# - FORMATTED CONTENTS NOTE
Formatted contents note Section I: Human Trafficking Explained. -- 1. Introduction to Human Trafficking: Definitions and Prevalence / Mary C. Burke and Brian Bruijn -- 2. Historical Perspective: Slavery over the Centuries / Brooke N. Newman. -- Section II: A Closer Look. -- 3. Sociological Perspective: Underlying Causes / Marci Cottingham, Thomas Nowak, Kay Snyder, & Melissa Swauger -- 4. Fear, Fraud, and Frank Complexities: The Influence of Gender on Human Trafficking / Lisa C. Ruchti -- 5. Making Money out of Misery: Trafficking for Labor Exploitation / June Kane -- 6. Common Forms: Sex Trafficking / Kimberly McCabe -- 7. The Exploitation Equation: Distinguishing Child Trafficking from Other Types of Child Mobility in West Africa / Anne Kielland -- Section III: The Anti-Slavery Movement -- 8. Domestic and Foreign Policy Responses to the Problem of Human Trafficking / Sandi DiMola and Allyson Lowe -- 9. Victim Protection Policy in a Local Context: A Case Study / Patrizia Testaì -- 10. International Development Issues and Other Push Factors That Contribute to Human Trafficking / Jamie Turek and Lynsie Clott -- 11. The Human Security Framework: The Best Security Approach to Preventing and Combating Human Trafficking / Lynsie Clott -- 12. Law Enforcement Considerations for Human Trafficking / Bradley Orsini -- 13. Combatting Sex Trafficking through the Prosecution of Traffickers / Michael J. Frank and G. Zachary Terwilliger -- Section IV. Supporting Survivors 14. Mental Health Care: Human Trafficking and Post-Traumatic Stress Disorder / Veronica M. Lugris, Mary C. Burke and Leah Russell Flaherty -- 15. Human Trafficking and its Contribution to the Globalization of Infectious Diseases: Implications for Victims and Health Care Providers / Nicole Travis and Nurlanbek Sharshenkulov -- 16. Addressing the Problem: Community-Based Responses and Coordination / Judy Hale Reed.
520 ## - SUMMARY, ETC.
Summary, etc. With a range of experts from different disciplines and professions, this text comprehensively explains human trafficking as it exists and is being addressed in the twenty-first century. The first section gives an overview of the issue and contextualizes it within a human rights and historical framework. The second section provides the reader with more detailed, interdisciplinary information about trafficking. The third section, which contains a chapter written by a former FBI agent, focuses on the anti-trafficking movement and addresses international responses to the problem, as well as considerations for working with victims. Human Trafficking closes with a chapter about how trafficking is being addressed and how individuals, larger social groups, and organizations can get involved in putting an end to the crime and to helping survivors. Human Trafficking is essential reading for professionals in law enforcement, human services, and health care, and for concerned citizens interested in human rights and making a difference in their communities. This book is also intended for use in undergraduate and graduate interdisciplinary courses in human trafficking.
546 ## - LANGUAGE NOTE
Language note Text in English.
650 #0 - SUBJECT ADDED ENTRY--TOPICAL TERM
Topical term or geographic name entry element Human trafficking.
650 #7 - SUBJECT ADDED ENTRY--TOPICAL TERM
Topical term or geographic name entry element SOCIAL SCIENCE / Criminology.
Source of heading or term bisacsh
650 #7 - SUBJECT ADDED ENTRY--TOPICAL TERM
Topical term or geographic name entry element SOCIAL SCIENCE / Social Work.
Source of heading or term bisacsh
650 #7 - SUBJECT ADDED ENTRY--TOPICAL TERM
Topical term or geographic name entry element SOCIAL SCIENCE / Sociology.
Source of heading or term bisacsh
650 #7 - SUBJECT ADDED ENTRY--TOPICAL TERM
Topical term or geographic name entry element Human trafficking.
Source of heading or term fast
Authority record control number or standard number (OCoLC)fst01739818
700 1# - ADDED ENTRY--PERSONAL NAME
Personal name Burke, Mary C.
Fuller form of name (Mary Cecilia),
Relator term editor.
906 ## - LOCAL DATA ELEMENT F, LDF (RLIN)
a 7
b cbc
c copycat
d 2
e ncip
f 20
g y-gencatlg
942 ## - ADDED ENTRY ELEMENTS (KOHA)
Source of classification or shelving scheme Library of Congress Classification
Koha item type Books
Classification part 281.H8765
Item part HUM
Call number prefix HQ
Holdings
Withdrawn status Lost status Damaged status Not for loan Collection code Home library Current library Shelving location Date acquired Total Checkouts Full call number Barcode Date last seen Copy number Price effective from Koha item type
        Non-fiction Law Library Law Library General Stacks 01/12/2022   HQ281.H8765 2018 031871 01/12/2022 c.1 01/12/2022 Books